Virtuálne laboratórium ako moderná forma vzdelávania

Saved in:
Bibliographic Details
Main Author: Zigo, Ján Mikuláš (Author)
Other Authors: Rozinaj, Gregor (Thesis advisor)
Format: Manuscript Book
Language:Slovak
Published: 2017
Subjects:
Online Access:http://is.stuba.sk/zp/portal_zp.pl?podrobnosti=115795
Tags: Add Tag
No Tags, Be the first to tag this record!

MARC

LEADER 00000ntm a22000003a 4500
001 stuzp64530
003 SK-STU
005 20170624213518.4
007 ta
008 150427s2015----xo-----f-mn---000-0-slo-d
040 |a STU  |b slo 
041 0 |a slo 
100 1 |a Zigo, Ján Mikuláš  |u 070200  |4 aut  |U FIIT Fakulta informatiky a informačných technológií  |T FIIT Ústav informatiky, informačných systémov a softvérového inžinierstva  |X 74369  |U I200  |Y 179  |7 74369 
242 0 1 |a Virtual laboratory as a modern form of education  |y eng 
245 1 0 |a Virtuálne laboratórium ako moderná forma vzdelávania 
260 |c 2017 
650 4 |a vzdelávanie  |2 slo 
650 4 |a moderné trendy  |2 slo 
650 4 |a Slnečná sústava  |2 slo 
650 4 |a virtuálna realita  |2 slo 
650 4 |a virtual reality  |2 eng 
650 4 |a modern trends  |2 eng 
650 4 |a education  |2 eng 
650 4 |a Solar System  |2 eng 
700 1 |a Rozinaj, Gregor  |u 037000  |k Z1  |4 ths  |U FEI Fakulta elektrotechniky a informatiky  |T FEI Ústav multimediálnych informačných a komunikačných technológií  |X 1945  |U E070  |Y 818  |7 A000001945 
856 4 |u http://is.stuba.sk/zp/portal_zp.pl?podrobnosti=115795 
996 |c I* BAP212/17  |l II680  |s P  |a 0  |w stuzp64530_0001